000 00291nam a2200121Ia 4500
008 190216s9999||||xx |||||||||||||| ||und||
100 _aPal D N G
245 0 _aMultimeter Construction And Testing Methods
260 _bPioneer Pub
_c1986
300 _a86p
650 _aPhysics
942 _cBK
999 _c33058
_d33058